Métodos de investigación social

محفوظ في:
التفاصيل البيبلوغرافية
المؤلف الرئيسي: Goode, William J.
مؤلفون آخرون: Halt, Paul K.
التنسيق: كتاب
اللغة:الإسبانية
منشور في: Trillas. 1990.
الطبعة:2ª ed.
الموضوعات:
الوسوم: إضافة وسم
لا توجد وسوم, كن أول من يضع وسما على هذه التسجيلة!

MARC

LEADER 00000nam a22000005a 4500
001 11559
003 CL-ChBUA
005 20120815103338.0
008 070301s1990 mx 000 0 spa
020 |a 9682438365 
040 |a CL-ChBUA  |c CL-ChBUA 
082 0 0 |a 300.72 
090 |c 11559  |d 11559 
100 1 |a Goode, William J. 
245 1 0 |a Métodos de investigación social 
250 |a 2ª ed. 
260 |b Trillas.  |c 1990. 
300 |a 469 p.  |c 23 cm. 
504 |a Indice. 
650 4 |a CIENCIAS SOCIALES - INVESTIGACION. 
700 1 |a Halt, Paul K. 
942 |c LIB 
952 |0 0  |1 0  |4 0  |7 0  |9 16642  |a UNACH  |b UNACH  |c 300  |d 2007-03-05  |i 33.113.  |l 3  |o 300.72 / G 647 1990.  |p 17641  |r 2022-04-19 00:00:00  |s 2022-04-18  |u 16642  |w 2012-08-08  |y LIB  |k 300.72 / G 647 1990. 
999 |c 11559  |d 11559